| 000 | 00477nam a2200181Ia 4500 | ||
|---|---|---|---|
| 008 | 210210b1926 xxu||||| |||| 00| 0 eng d | ||
| 041 | _aeng | ||
| 082 | _a829/981 | ||
| 100 | _aSCOTT (Sir W): and others | ||
| 245 | _aRepresentatives short stories 1800-1934 | ||
| 260 |
_aCalcutta _bLongmans Green and Company Limited _c1926 |
||
| 650 | _astories | ||
| 650 | _ashort | ||
| 650 | _aRepresentatives | ||
| 650 | _a1800-1934 | ||
| 690 | _aEnglish Fiction | ||
| 906 | _a017596 | ||
| 999 |
_c137580 _d137580 |
||